000 00910nam a2200229 a 4500
001 BRCA_886
005 20190320203207.0
008 311005s1997----it-a---###---#000-0#ita-d
041 _aita
044 _ait
050 4 _aNK7152
_b.I39 1997
100 1 _aIezzi, Lucio
_92949
245 1 0 _aArgenti Italiani Selezione Design
_cdirección y coordinación Lucio Iezzi.
260 _aItalia
_bDessel srl : Ministero degli Affari Esteri
_c1997-1999
300 _a1 v. (sin paginación)
_bil.
_c21 cm.
500 _aCatálogo de la exposición Platería Italiana: diseño contemporáneo realizada en el Museo Franz Mayer (Ciudad de México), 7 octubre - 29 noviembre, 1998
546 _aTexto en: inglés, español, portugués e italiano
650 1 4 _aPlatería Italiana
_vExposiciones
_92950
650 1 4 _aPlateros
_xTécnica
_zItalia
_92951
710 2 _aMuseo Franz Mayer (Ciudad de México)
_92266
942 _2lcc
_cB
999 _c780
_d780